000 01779cam a2200481 a 4500
001 21752
003 VRT
005 20260309133158.0
008 240801s2001 xo a ara 000 j slo
015 _aSNBA2002/08-02653
020 _a808898047X
035 _aSNK000386842
035 _aurn:nbn:sk:snk-amlu2b
035 _aurn:nbn:sk:snk-am00cbph
035 _a7ADC18D1-C7E3-410B-97EC-D7EC44D7222B
039 9 _a202410011759
_bcsnk01
_c202410011758
_dcsnk01
_c202410011745
_dAUTHORITY
_c202410011738
_dAUTHORITY
040 _aSNK
_bslo
_cSNK
_eAACR2
041 1 _aslo
_hger
044 _axo
_cSK
080 _a830-3(087.5)
_21981
100 1 _aMeinardus, Elke
_4aut
240 1 0 _aKunterbunte Tiergeschichten
_lSlovensky
245 1 _aZábudlivý Punťo
_bveľká knižka o zvieratkách pre malé deti
_cnapísala Elke Meinardusová ; ilustrovali Ray Cresswell ... [et al.] ; [z nemeckého originálu preložila Marianna Pavuliaková]
250 _a4. vyd.
260 _aBratislava
_bFortuna Print
_c2001
300 _a141 s.
_bilustr.
_c27 cm
500 _aIlustrácie na predsádkach, frontispice a titulnej strane
655 7 _anemecké rozprávky
_2SNKPH
655 7 _aautorské rozprávky
_2SNKPH
655 7 _aliteratúra pre deti
_2SNKPH
700 1 _aCresswell, Ray
_4ill
700 1 _aEmblem, Michelle
_4ill
700 1 _aLicht, Gerti
_4ill
700 1 _aJohnstone, Janet
_4ill
700 1 _aKitta, Heinrich
_4ill
700 1 _aFryer, George
_4ill
700 1 _aPavuliaková, Marianna
_4trl
942 _2ddc
_cKLDE
_n0
949 _63869A07733
_abpksh087.5
_bbpksh51425
949 _617A0338547
_9P60, <03>, [BOOK], {603}
_asnkSB 64816
_bsnkKSP 3702/2002
_s6100:20160606
999 _c21752
_d21752